000 00543nam a2200169Ia 4500
005 20250508160016.0
008 008 250505s9999 xx 000 0 eng d
037 _aBooks to be hide in OPAC
040 _aFEDL
_beng
_cFEDL
041 _aeng
_2eng
084 _a379.591, BUR/O
_qFEDL
245 0 _aSecond quinquennial report on public instruction in Burma: For the years 1897-98-1901-02
260 _aRangoon, Burma
_bGovernment Printing
_c1902
300 _a50p.
942 _cHB
_h379.591, BUR/O
999 _c1360969
_d1360969